00598nam a22001457i 4500003000900000008004100009020002200050040007100072082002000143100002700163245004500190260006800235300003200303505011700335AR-CdUCM260116b20242024 ag||||| |||| 00| 0 spa d  a978-987-47270-1-5  aMUNICIPALIDAD PROVINCIAL DEL CUSCOcBIBLIOTECA MUNICIPAL DEL CUSCO  aES / 912 /bC29  aCaballeda, Juan Manuel  aBreve atlas anecdótico de la ciencia /  aBuenos Aires-Argentina :bArtes Graficas del Sur-impresorc2024  a138 páginas. :c20x15 cm.  aLos suicidados -- Una mesa en la nieve -- Oveja oveja -- Los miasmas -- El paciente o -- Una pluma y un martillo